[Event "Seefeld op 18th"]
[Site "Seefeld"]
[Date "2007.09.08"]
[Round "8"]
[White "Plock, Christian"]
[Black "Georgiev, Georgi"]
[Result "0-1"]
[WhiteElo "1986"]
[BlackElo "1915"]
[PlyCount "40"]
[EventDate "2007.09.01"]
[EventType "swiss"]
[EventRounds "9"]
[EventCountry "AUT"]
[SourceTitle "EXT 2009"]
[Source "ChessBase"]
[SourceDate "2008.11.26"]
[SourceVersion "1"]
[SourceVersionDate "2008.11.26"]
[SourceQuality "1"]

1. e4 c5 2. Nf3 g6 3. d4 Bg7 4. c3 cxd4 5. Nxd4 Nf6 6. f3 0-0 7. Bc4 d5 8. exd5 Nxd5 9. 0-0 e5 10. Ne2 Be6 11. Qb3 Nc6 12. Bxd5 Bxd5 13. Qc2 Qb6+ 14. Kh1 Rac8 15. a3 Na5 16. Nd2 Rfd8 17. b4 Nc4 18. Nxc4 Bxc4 19. Bb2 Qe3 20. Rfe1 Rd2 0-1

[Event "Seefeld op 17th"]
[Site "Seefeld"]
[Date "2006.09.25"]
[Round "3"]
[White "Noettger, Eckard"]
[Black "Plock, Christian"]
[Result "1-0"]
[WhiteElo "1783"]
[BlackElo "1990"]
[PlyCount "81"]
[EventDate "2006.09.23"]
[EventType "swiss"]
[EventRounds "9"]
[EventCountry "AUT"]
[SourceTitle "EXT 2009"]
[Source "ChessBase"]
[SourceDate "2008.11.26"]
[SourceVersion "1"]
[SourceVersionDate "2008.11.26"]
[SourceQuality "1"]

1. d4 d5 2. Nf3 Nf6 3. e3 g6 4. Bd3 Bg7 5. Nbd2 c6 6. 0-0 0-0 7. c3 Re8 8. e4 dxe4 9. Nxe4 Nbd7 10. Nxf6+ Nxf6 11. Ne5 Nd7 12. f4 Nb6 13. f5 Bxe5 14. dxe5 Bxf5 15. Bxf5 Qxd1 16. Rxd1 gxf5 17. Bg5 Kg7 18. Rd3 Rac8 19. Rad1 Rc7 20. b3 Kg6 21. Bh4 Kg7 22. c4 f6 23. Bg3 Rcc8 24. a4 fxe5 25. Bxe5+ Kf7 26. a5 Ke6 27. Bf4 Na8 28. Rd7 b5 29. Rxa7 bxc4 30. bxc4 Rcd8 31. Rxd8 Rxd8 32. Bg5 Re8 33. Rb7 Kd6 34. a6 Nc7 35. a7 e5 36. Be3 h5 37. Rb8 Kd7 38. Rb7 Kc8 39. Rb6 Kd7 40. Bc5 Ra8 41. Rb8 1-0

[Event "Seefeld op 16th"]
[Site "Seefeld"]
[Date "2005.09.24"]
[Round "8"]
[White "Scholz, Herbert"]
[Black "Plock, Christian"]
[Result "1/2-1/2"]
[WhiteElo "1994"]
[BlackElo "1650"]
[PlyCount "112"]
[EventDate "2005.09.17"]
[EventType "swiss"]
[EventRounds "9"]
[EventCountry "AUT"]
[SourceTitle "EXT 2007"]
[Source "ChessBase"]
[SourceDate "2006.11.23"]
[SourceVersion "1"]
[SourceVersionDate "2006.11.23"]
[SourceQuality "1"]

1. d4 d5 2. c4 e6 3. Nc3 Nf6 4. cxd5 exd5 5. Bg5 c6 6. Qc2 h6 7. Bh4 Be7 8. e3 Nbd7 9. Bd3 0-0 10. Nge2 Re8 11. 0-0 Nf8 12. f3 Be6 13. Rad1 Rc8 14. Kh1 Qc7 15. Bf2 a6 16. Bg1 c5 17. Nf4 cxd4 18. Nxe6 Nxe6 19. exd4 Bb4 20. Rc1 Qd6 21. Bf5 Rc6 22. Qb3 Rec8 23. Ne2 Rxc1 24. Rxc1 Rxc1 25. Nxc1 b5 26. Nd3 Bd2 27. Qc2 Ba5 28. Qc8+ Nd8 29. Ne5 g6 30. Bd3 Kg7 31. h3 Ne6 32. Qh8+ Kxh8 33. Nxf7+ Kg7 34. Nxd6 Bb6 35. a4 bxa4 36. Bxa6 Bxd4 37. Bxd4 Nxd4 38. Nb5 Nb3 39. Nc3 Nc5 40. Bb5 d4 41. Nxa4 Nxa4 42. Bxa4 Nd5 43. Kg1 Kf6 44. g3 Ke5 45. Bc2 g5 46. Ba4 Nb4 47. Kf1 h5 48. Ke2 h4 49. f4+ gxf4 50. gxh4 d3+ 51. Kf3 Nc2 52. h5 Nd4+ 53. Kf2 d2 54. b4 Kf6 55. Bd1 Kg5 56. h4+ Kh6 1/2-1/2

[Event "Seefeld op 13th"]
[Site "Seefeld"]
[Date "2002.09.20"]
[Round "7"]
[White "Plock, Christian"]
[Black "Urban, Rudolf"]
[Result "1/2-1/2"]
[WhiteElo "1757"]
[BlackElo "2073"]
[PlyCount "45"]
[EventDate "2002.09.14"]
[EventType "swiss"]
[EventRounds "9"]
[EventCountry "AUT"]
[SourceTitle "EXT 2007"]
[Source "ChessBase"]
[SourceDate "2006.11.23"]
[SourceVersion "1"]
[SourceVersionDate "2006.11.23"]
[SourceQuality "1"]

1. e4 c6 2. d4 g6 3. Nf3 Bg7 4. c3 d6 5. Bd3 Qc7 6. 0-0 e5 7. dxe5 dxe5 8. Bc4 Nf6 9. Re1 0-0 10. Qc2 Nbd7 11. Bg5 Nc5 12. Nbd2 Be6 13. Bxe6 Nxe6 14. Bxf6 Bxf6 15. Rad1 Rad8 16. Nf1 Qa5 17. b3 Qb6 18. Ne3 Bg7 19. Rxd8 Rxd8 20. Rd1 Qc7 21. Kf1 Nf4 22. g3 Ne6 23. Ke2 1/2-1/2

[Event "Seefeld op 12th"]
[Site "Seefeld"]
[Date "2001.09.23"]
[Round "9"]
[White "Plock, Christian"]
[Black "Schoetzig, Detlef"]
[Result "0-1"]
[WhiteElo "1628"]
[BlackElo "2106"]
[PlyCount "86"]
[EventDate "2001.09.15"]
[EventType "swiss"]
[EventRounds "9"]
[EventCountry "AUT"]
[SourceTitle "EXT 2002"]
[Source "ChessBase"]
[SourceDate "2001.11.25"]
[SourceVersion "1"]
[SourceVersionDate "2001.11.25"]
[SourceQuality "1"]

1. e4 Nf6 2. Nc3 d5 3. exd5 Nxd5 4. Nxd5 Qxd5 5. Qf3 e6 6. Qxd5 exd5 7. d4 Bf5 8. c3 Bd6 9. Be3 0-0 10. 0-0-0 Re8 11. Bd3 Be4 12. Bxe4 Rxe4 13. Nf3 Nd7 14. h3 f5 15. Rde1 Nf6 16. Nd2 Re6 17. Bg5 Ne4 18. Nxe4 fxe4 19. Be3 Rf8 20. Kd1 Rg6 21. Reg1 Be7 22. Ke2 Rff6 23. g4 Rf3 24. h4 Ra6 25. Ra1 Kf8 26. g5 Ke8 27. Rhg1 Kf7 28. Rg4 Kg6 29. Rf4 Rxf4 30. Bxf4 Bd6 31. Bxd6 Rxd6 32. f3 exf3+ 33. Kxf3 Re6 34. Rf1 Re4 35. Kg3 Re2 36. Rf2 Rxf2 37. Kxf2 Kf5 38. Kf3 g6 39. b3 b6 40. c4 c6 41. a3 b5 42. cxb5 cxb5 43. b4 a6 0-1

[Event "Seefeld op 12th"]
[Site "Seefeld"]
[Date "2001.09.21"]
[Round "7"]
[White "Plock, Christian"]
[Black "Moosleitner, Hugo"]
[Result "1-0"]
[WhiteElo "1628"]
[BlackElo "1915"]
[PlyCount "101"]
[EventDate "2001.09.15"]
[EventType "swiss"]
[EventRounds "9"]
[EventCountry "AUT"]
[SourceTitle "EXT 2002"]
[Source "ChessBase"]
[SourceDate "2001.11.25"]
[SourceVersion "1"]
[SourceVersionDate "2001.11.25"]
[SourceQuality "1"]

1. e4 c6 2. d4 d5 3. exd5 cxd5 4. Bd3 Nc6 5. Nf3 Bg4 6. c3 e6 7. 0-0 Bd6 8. h3 Bh5 9. Be3 Rc8 10. Nbd2 Nf6 11. Re1 Bb8 12. Bg5 h6 13. Bxf6 Qxf6 14. Qb1 Bxf3 15. Nxf3 0-0 16. Qd1 Qf4 17. Qd2 Qc7 18. g3 a6 19. Kg2 Rcd8 20. Rac1 Qa5 21. Bb1 Rd6 22. Qd3 g6 23. Nh4 Ne7 24. Re2 Kg7 25. Rce1 Qb6 26. Nf3 Qc7 27. h4 h5 28. Ne5 b5 29. Qe3 Rb6 30. Rc1 Nc6 31. Nd3 Qe7 32. a3 Na5 33. Ne5 Nc4 34. Qf3 Nxe5 35. dxe5 Bc7 36. Rd1 Qc5 37. Rd4 Bd8 38. Rf4 a5 39. g4 hxg4 40. Qxg4 Rg8 41. h5 g5 42. h6+ Kf8 43. h7 Rh8 44. Rf3 Ke8 45. Qh5 Rb7 46. Ree3 Qf8 47. Bg6 Qg7 48. Rxf7 Rxf7 49. Rf3 Rxh7 50. Rxf7 Qxf7 51. Qxh7 1-0

[Event "Seefeld op 10th"]
[Site "Seefeld"]
[Date "1999.09.17"]
[Round "7"]
[White "Niedermair, Hannes"]
[Black "Plock, Christian"]
[Result "1-0"]
[WhiteElo "1879"]
[BlackElo "1653"]
[PlyCount "25"]
[EventDate "1999.09.11"]
[EventType "swiss"]
[EventRounds "9"]
[EventCountry "AUT"]
[SourceTitle "EXT 2001"]
[Source "ChessBase"]
[SourceDate "2000.11.22"]
[SourceVersion "1"]
[SourceVersionDate "2000.11.22"]
[SourceQuality "1"]

1. e4 e5 2. Nf3 Nc6 3. d4 exd4 4. Nxd4 Nxd4 5. Qxd4 c5 6. Qd3 Ne7 7. Nc3 a6 8. Bf4 Qb6 9. 0-0-0 f6 10. Qg3 Qe6 11. Nd5 Nxd5 12. exd5 Qf7 13. Re1+ 1-0

[Event "Seefeld op 10th"]
[Site "Seefeld"]
[Date "1999.09.15"]
[Round "5"]
[White "Steck, Werner"]
[Black "Plock, Christian"]
[Result "1-0"]
[WhiteElo "1800"]
[BlackElo "1653"]
[PlyCount "139"]
[EventDate "1999.09.11"]
[EventType "swiss"]
[EventRounds "9"]
[EventCountry "AUT"]
[SourceTitle "EXT 2001"]
[Source "ChessBase"]
[SourceDate "2000.11.22"]
[SourceVersion "1"]
[SourceVersionDate "2000.11.22"]
[SourceQuality "1"]

1. d4 d5 2. c4 e6 3. Nf3 Nf6 4. Bg5 Be7 5. e3 h6 6. Bh4 0-0 7. Qc2 Nbd7 8. Nc3 c6 9. Rc1 Nb6 10. cxd5 exd5 11. Bd3 Re8 12. 0-0 Be6 13. Bg3 Nbd7 14. h3 Nf8 15. a3 Bd6 16. Bxd6 Qxd6 17. Na4 N8d7 18. b4 Rec8 19. Nc5 Nxc5 20. bxc5 Qe7 21. Rb1 Rc7 22. Rb2 Rd8 23. Rfb1 Bc8 24. Qa4 a6 25. Qc2 Re8 26. a4 Ne4 27. Bxe4 Qxe4 28. Qxe4 Rxe4 29. a5 Ree7 30. Rb3 g6 31. R1b2 Kg7 32. Kf1 g5 33. h4 f6 34. hxg5 hxg5 35. Nd2 Kg6 36. Nb1 Rh7 37. Nc3 Rh1+ 38. Ke2 Rh2 39. Kf3 Rhh7 40. Ne2 Rh1 41. Rb1 Rxb1 42. Rxb1 Bf5 43. Rh1 Rh7 44. Rxh7 Kxh7 45. g4 Be4+ 46. Kg3 Bd3 47. Nc1 Bc4 48. f3 Kg6 49. e4 Kf7 50. Kf2 Ke6 51. Ke3 Ke7 52. Nd3 Ke6 53. Nf2 Bf1 54. f4 Ke7 55. e5 Ke6 56. exf6 Kxf6 57. fxg5+ Kxg5 58. Kf3 Bc4 59. Nh3+ Kh4 60. Nf2 Kg5 61. Kg3 Bf1 62. Nh3+ Kf6 63. Kh4 Be2 64. Nf4 Bf3 65. Nh5+ Kg6 66. Kg3 Bd1 67. Kf4 Be2 68. Ng3 Bd3 69. Nf5 Kf6 70. Nd6 1-0

[Event "Seefeld op 10th"]
[Site "Seefeld"]
[Date "1999.09.13"]
[Round "3"]
[White "Kreusch, Frank"]
[Black "Plock, Christian"]
[Result "1-0"]
[WhiteElo "1861"]
[BlackElo "1653"]
[PlyCount "103"]
[EventDate "1999.09.11"]
[EventType "swiss"]
[EventRounds "9"]
[EventCountry "AUT"]
[SourceTitle "EXT 2001"]
[Source "ChessBase"]
[SourceDate "2000.11.22"]
[SourceVersion "1"]
[SourceVersionDate "2000.11.22"]
[SourceQuality "1"]

1. e4 e5 2. Nf3 Nc6 3. Nc3 Bc5 4. Bc4 Nf6 5. d3 0-0 6. 0-0 d6 7. h3 Be6 8. Bg5 h6 9. Bh4 a6 10. Nd5 Bxd5 11. Bxd5 Qe7 12. Nh2 g5 13. Bg3 Nd8 14. Bb3 Ne6 15. c3 Nf4 16. Ng4 Kg7 17. Ne3 Bxe3 18. fxe3 N4h5 19. Be1 Kg6 20. Qf3 Ng7 21. Bd2 Nd7 22. Qe2 f5 23. exf5+ Rxf5 24. d4 Rxf1+ 25. Rxf1 Rf8 26. Bc2+ e4 27. Rxf8 Nxf8 28. Qc4 Nh5 29. Qd5 Nf6 30. Qxb7 d5 31. Qxa6 Qe6 32. Qxe6 Nxe6 33. Bb3 Kf7 34. Be1 Ke7 35. Bg3 c6 36. c4 dxc4 37. Bxc4 Nd5 38. Bxd5 cxd5 39. Be5 Kd7 40. Kf2 Kc6 41. b3 Kb5 42. a3 h5 43. g3 g4 44. hxg4 hxg4 45. Ke2 Nd8 46. Kd2 Nc6 47. Bc7 Ka6 48. Kc3 Kb7 49. Bd6 Na7 50. Kb4 Nc6+ 51. Kc5 Na5 52. b4 1-0

[Event "Seefeld op 10th"]
[Site "Seefeld"]
[Date "1999.09.11"]
[Round "1"]
[White "Siegmund, Rainer"]
[Black "Plock, Christian"]
[Result "1-0"]
[WhiteElo "2152"]
[BlackElo "1653"]
[PlyCount "71"]
[EventDate "1999.09.11"]
[EventType "swiss"]
[EventRounds "9"]
[EventCountry "AUT"]
[SourceTitle "EXT 2001"]
[Source "ChessBase"]
[SourceDate "2000.11.22"]
[SourceVersion "1"]
[SourceVersionDate "2000.11.22"]
[SourceQuality "1"]

1. d4 d5 2. c4 e6 3. Nc3 Bb4 4. Nf3 Nf6 5. Qc2 Ne4 6. e3 Nxc3 7. bxc3 Be7 8. Bd3 h6 9. 0-0 Nd7 10. a4 Nb6 11. c5 Nd7 12. c4 c6 13. cxd5 exd5 14. a5 a6 15. Bb2 0-0 16. Rfe1 Re8 17. Bc3 Nf8 18. Rab1 Bf6 19. e4 Ne6 20. e5 Be7 21. Bd2 Ng5 22. Nxg5 Bxg5 23. f4 Be7 24. Rf1 Qc7 25. f5 Bg5 26. Bxg5 hxg5 27. f6 gxf6 28. Rxf6 Re6 29. Rbf1 Rxf6 30. exf6 Be6 31. Qd2 Rd8 32. Qxg5+ Kf8 33. Bf5 Qc8 34. Qg7+ Ke8 35. Qg8+ Kd7 36. Qxf7# 1-0

[Event "Seefeld op 08th"]
[Site "Seefeld"]
[Date "1997.??.??"]
[Round "?"]
[White "Stock, Juergen"]
[Black "Plock, Christian"]
[Result "1-0"]
[WhiteElo "2050"]
[BlackElo "1645"]
[PlyCount "115"]
[EventDate "1997.09.??"]
[EventType "swiss"]
[EventRounds "9"]
[EventCountry "AUT"]
[SourceTitle "EXT 2000"]
[Source "ChessBase"]
[SourceDate "1999.11.16"]
[SourceVersion "1"]
[SourceVersionDate "1999.11.16"]
[SourceQuality "1"]

1. d4 d5 2. c3 Nf6 3. Bg5 c6 4. Nd2 Bf5 5. e3 Nbd7 6. f4 h6 7. Bh4 Ne4 8. Ngf3 Ndf6 9. Be2 Ng4 10. Nf1 Qb6 11. Qb3 Qxb3 12. axb3 Ngf6 13. h3 h5 14. Ne5 Nd6 15. Nd2 Nfe4 16. Nxe4 Bxe4 17. 0-0 Nf5 18. Bf2 f6 19. Nd3 Bxd3 20. Bxd3 Nd6 21. f5 Kd7 22. c4 e5 23. fxe6+ Kxe6 24. Bg3 Ne4 25. Bxe4 dxe4 26. Ra5 b6 27. Ra6 Bb4 28. Rfa1 h4 29. Bh2 Ba5 30. Ra4 Bd2 31. Kf2 Rhc8 32. Rxa7 Rxa7 33. Rxa7 g5 34. Bc7 b5 35. Ba5 Bxa5 36. Rxa5 bxc4 37. bxc4 Rb8 38. Ra2 Rb3 39. Ra6 Rxb2+ 40. Kg1 Kd6 41. d5 Re2 42. Rxc6+ Ke7 43. Re6+ Kd7 44. Rxe4 f5 45. Re5 g4 46. Rxf5 gxh3 47. gxh3 Rxe3 48. Kg2 Re4 49. c5 Rc4 50. Rf7+ Kd8 51. c6 Rc5 52. Rf5 Rc3 53. Rf3 Rc2+ 54. Rf2 Rc3 55. Rd2 Ke8 56. Rd4 Rc5 57. Kf3 Kf7 58. Kg4 1-0